UM Logo

Prisons after Woolf : (Record no. 7842)

MARC details
000 -LEADER
fixed length control field 00613nam a2200169 4500
008 - FIXED-LENGTH DATA ELEMENTS--GENERAL INFORMATION
fixed length control field 171201b xxu||||| |||| 00| 0 eng d
020 ## - INTERNATIONAL STANDARD BOOK NUMBER
International Standard Book Number 041507956
082 ## - DEWEY DECIMAL CLASSIFICATION NUMBER
Edition number 1994
Classification number DC 365.7
Item number P71p
245 ## - TITLE STATEMENT
Title Prisons after Woolf :
Remainder of title reform through riot /
Statement of responsibility, etc. edited by Elaine Player and Michael Jenkins.
260 ## - PUBLICATION, DISTRIBUTION, ETC. (IMPRINT)
Place of publication, distribution, etc. London ; New York :
Name of publisher, distributor, etc. Routledge,
Date of publication, distribution, etc. ©1994.
300 ## - PHYSICAL DESCRIPTION
Extent xii, 278 pages ;
Dimensions 24 cm.
500 ## - GENERAL NOTE
General note Includes bibliographical references and indexes.
650 #0 - SUBJECT ADDED ENTRY--TOPICAL TERM
9 (RLIN) 23813
Topical term or geographic name as entry element Prisons
Geographic subdivision -- Great Britain.
700 ## - ADDED ENTRY--PERSONAL NAME
9 (RLIN) 23816
Personal name Player, Elaine,editor.
700 ## - ADDED ENTRY--PERSONAL NAME
9 (RLIN) 23819
Personal name Jenkins, Michael,editor.
942 ## - ADDED ENTRY ELEMENTS (KOHA)
Source of classification or shelving scheme Dewey Decimal Classification
Koha item type Circulation

No items available.